| 000 | 00439nam a2200169Ia 4500 | ||
|---|---|---|---|
| 008 | 230524s9999 xx 000 0 und d | ||
| 020 | _a9780143417347 | ||
| 082 | _bBRA | ||
| 100 |
_aLouis Brawley _941741 |
||
| 245 | 0 | _aNo More Questions The Final Travels of U.G. Krishnamurti | |
| 250 | _a1 | ||
| 260 |
_aNew Delhi _bPenguin _c2012 |
||
| 300 | _a381p; | ||
| 500 | _aQuantity Number: 1 | ||
| 650 |
_aMisalliance _941742 |
||
| 942 | _cBK | ||
| 999 |
_c56194 _d56194 |
||